00310 a2200145 450000100060000002000150000604000370002110000200005824000200007824500150009830000110011336200090012444000080013365000230014172027 a8532215556 cAnchieta - Colégio São Paulo aMurray, Roseana10aFelicidadelpor10aFelicidade a[43p.]0 a1999 1aFTD 4aLiteratura juvenil